<?xml version="1.0" encoding="UTF-8"?>
<record
    xmlns:xsi="http://www.w3.org/2001/XMLSchema-instance"
    xsi:schemaLocation="http://www.loc.gov/MARC21/slim http://www.loc.gov/standards/marcxml/schema/MARC21slim.xsd"
    xmlns="http://www.loc.gov/MARC21/slim">

  <leader>02886nam a2200277 i 4500</leader>
  <controlfield tag="001">Rebiun32761445</controlfield>
  <controlfield tag="008">220321e202202  spc |||   ||| 000 f spa|</controlfield>
  <datafield tag="015" ind1=" " ind2=" ">
    <subfield code="a">LL2022 </subfield>
    <subfield code="2">bnc</subfield>
  </datafield>
  <datafield tag="017" ind1=" " ind2=" ">
    <subfield code="a">B 18842-2021 </subfield>
    <subfield code="a">B 20380-2022, </subfield>
    <subfield code="b">Biblioteca de Catalunya</subfield>
  </datafield>
  <datafield tag="020" ind1=" " ind2=" ">
    <subfield code="a">9788466357098</subfield>
  </datafield>
  <datafield tag="020" ind1=" " ind2=" ">
    <subfield code="a">9788466381285</subfield>
  </datafield>
  <datafield tag="040" ind1=" " ind2=" ">
    <subfield code="a">ES-BaBC </subfield>
    <subfield code="b">English</subfield>
    <subfield code="e">rda </subfield>
    <subfield code="c">ES-BaBC</subfield>
  </datafield>
  <datafield tag="041" ind1=" " ind2=" ">
    <subfield code="a">Spanish</subfield>
  </datafield>
  <datafield tag="100" ind1=" " ind2=" ">
    <subfield code="a">Castillo, Javier, </subfield>
    <subfield code="e">author</subfield>
    <subfield code="9">25842</subfield>
  </datafield>
  <datafield tag="245" ind1="1" ind2="3">
    <subfield code="a">La Chica de nieve </subfield>
    <subfield code="c">/ Javier Castillo</subfield>
  </datafield>
  <datafield tag="264" ind1=" " ind2="1">
    <subfield code="a">[Barcelona] : </subfield>
    <subfield code="b">Debolsillo, </subfield>
    <subfield code="c">2022</subfield>
  </datafield>
  <datafield tag="300" ind1=" " ind2=" ">
    <subfield code="a">508 pages; </subfield>
    <subfield code="c">19 cm</subfield>
  </datafield>
  <datafield tag="490" ind1="1" ind2=" ">
    <subfield code="a">Bestseller</subfield>
  </datafield>
  <datafield tag="490" ind1="0" ind2=" ">
    <subfield code="a">Biblioteca Javier Castillo</subfield>
  </datafield>
  <datafield tag="520" ind1=" " ind2=" ">
    <subfield code="a">La novela m&#xE1;s le&#xED;da del confinamiento. El thriller perfecto que cambia las reglas del g&#xE9;nero. El desfile m&#xE1;s famoso del planeta. Una ni&#xF1;a de tres a&#xF1;os desaparecida. &#xBF;D&#xF3;nde est&#xE1; Kiera Templeton? Nueva York, 1998, cabalgata de Acci&#xF3;n de Gracias. Kiera Templeton, desaparece entre la multitud. Tras una b&#xFA;squeda fren&#xE9;tica por toda la ciudad, alguien encuentra unos mechones de pelo junto a la ropa que llevaba puesta la peque&#xF1;a.
En 2003, el d&#xED;a que Kiera habr&#xED;a cumplido ocho a&#xF1;os, sus padres, Aaron y Grace Templeton, reciben en casa un extra&#xF1;o paquete: una cinta VHS con la grabaci&#xF3;n de un minuto de Kiera jugando en una habitaci&#xF3;n desconocida.
Javier Castillo, autor de El d&#xED;a que se perdi&#xF3; la cordura, El d&#xED;a que se perdi&#xF3; el amor, Todo lo que sucedi&#xF3; con Miranda Huff y El juego del alma, vuelve a poner en jaque la cordura con La chica de nieve, un oscuro viaje a las profundidades de Miren Triggs, una estudiante de periodismo que inicia una investigaci&#xF3;n paralela y descubre que tanto su vida como la de Kiera est&#xE1;n llenas de inc&#xF3;gnitas. </subfield>
  </datafield>
  <datafield tag="520" ind1=" " ind2=" ">
    <subfield code="a">The most widely read novel of the lockdown. A thriller that rewrites the rules of the genre. The most famous parade in the world. A three-year-old girl vanishes. Where is Kiera Templeton?

New York, 1998, Thanksgiving Day Parade. Kiera Templeton disappears into the crowd. After a frantic city-wide search, all that is found are strands of hair next to the clothes she was wearing.

In 2003, on what would have been Kiera&#x2019;s eighth birthday, her parents, Aaron and Grace Templeton, receive a strange package at their home: a VHS tape showing one minute of Kiera playing in an unfamiliar room.

Javier Castillo, bestselling author of The Day Sanity Was Lost, The Day Love Was Lost, Everything That Happened with Miranda Huff and The Soul Game, once again challenges the boundaries of reason with The Snow Girl: a dark journey into the depths of Miren Triggs, a journalism student who embarks on a parallel investigation, only to discover that both her life and Kiera&#x2019;s are riddled with mysteries.</subfield>
  </datafield>
  <datafield tag="650" ind1=" " ind2="0">
    <subfield code="a"> Kidnapping</subfield>
    <subfield code="v">Fiction</subfield>
  </datafield>
  <datafield tag="650" ind1=" " ind2="0">
    <subfield code="a">Missing children</subfield>
    <subfield code="v">Fiction</subfield>
    <subfield code="9">23688</subfield>
  </datafield>
  <datafield tag="655" ind1=" " ind2="0">
    <subfield code="a">Psychological fiction</subfield>
    <subfield code="9">22456</subfield>
  </datafield>
  <datafield tag="942" ind1=" " ind2=" ">
    <subfield code="2">lcc</subfield>
  </datafield>
  <datafield tag="952" ind1=" " ind2=" ">
    <subfield code="0">0</subfield>
    <subfield code="1">0</subfield>
    <subfield code="2">lcc</subfield>
    <subfield code="4">0</subfield>
    <subfield code="7">0</subfield>
    <subfield code="a">TBS</subfield>
    <subfield code="b">TBS</subfield>
    <subfield code="d">2025-08-28</subfield>
    <subfield code="l">1</subfield>
    <subfield code="o">P-SP CAS</subfield>
    <subfield code="p">B06034</subfield>
    <subfield code="q">2026-02-05</subfield>
    <subfield code="r">2025-12-22</subfield>
    <subfield code="s">2025-12-22</subfield>
    <subfield code="t">1</subfield>
    <subfield code="w">2025-08-28</subfield>
    <subfield code="y">1</subfield>
  </datafield>
  <datafield tag="999" ind1=" " ind2=" ">
    <subfield code="c">4901</subfield>
    <subfield code="d">4901</subfield>
  </datafield>
</record>
